| 000 | 00495nam a2200193Ia 4500 | ||
|---|---|---|---|
| 005 | 20140315103642.0 | ||
| 008 | 140130s9999 xx 000 0 und d | ||
| 020 | _a9780439862783 | ||
| 050 |
_aPZ 7 _b.Em696Ru 2007 |
||
| 100 | _aEmmet, Jonathan | ||
| 245 |
_cJonathan Emmet _aRuby in her own time / |
||
| 260 |
_bScholastic, _c2007. _aNew York : |
||
| 300 |
_a1 v. (unpaged) : _bcol. ill. ; _c26 cm. |
||
| 440 | _v1 | ||
| 521 | _aG2 | ||
| 526 | _c470 | ||
| 942 |
_cBK _2lcc |
||
| 999 |
_c40445 _d40445 |
||